00368pab a2200133 454500008004000000100001800040245004600058260000900104300001200113362000800125650003600133650002200169773004300191180718b1995 xxu||||| |||| 00| 0 eng d aDonovan, Mark aThe politics of electoral reform in Italy c1995 ap.47-64 aJan aItaly - Government and politics aElections - Italy aInternational Political Science Review